La química y la protección del medio ambiente / (Record no. 90757)

MARC details
000 -LEADER
campo de control de longitud fija 00548nam a2200169 i 4500
001 - NÚMERO DE CONTROL
campo de control 90757
003 - IDENTIFICADOR DE NÚMERO DE CONTROL
campo de control ES-MaACL
005 - FECHA Y HORA DE LA ÚLTIMA TRANSACCIÓN
campo de control 20230906180542.0
007 - CAMPO FIJO DE DESCRIPCIÓN FÍSICA--INFORMACIÓN GENERAL
campo de control de longitud fija t|
008 - DATOS DE LONGITUD FIJA--INFORMACIÓN GENERAL
campo de control de longitud fija 050124s1981 sp ||||1| spa d
100 1# - ENTRADA PRINCIPAL--NOMBRE DE PERSONA
Nombre de persona Leithe, Wolfgang.
9 (RLIN) 71406
245 13 - MENCIÓN DEL TÍTULO
Título La química y la protección del medio ambiente /
Mención de responsabilidad, etc. Wolfgang Leithe ; [traducido por José Antonio Díaz Pinilla].
260 ## - PUBLICACIÓN, DISTRIBUCIÓN, ETC.
Lugar de publicación, distribución, etc. Madrid :
Nombre del editor, distribuidor, etc. [Paraninfo,
Fecha de publicación, distribución, etc. 1981]
300 ## - DESCRIPCIÓN FÍSICA
Extensión 159 p. :
Otras características físicas il. ;
Dimensiones 22 cm.
700 1# - ENTRADA AGREGADA--NOMBRE PERSONAL
Nombre de persona Díaz Pinilla, José Antonio.
9 (RLIN) 44394
852 ## - LOCALIZACIÓN
Ubicación ES-MaACL
Número de control de estantería L-587
Sublocalización o colección R.101224
Holdings
Estatus retirado Estado de pérdida Estado de daño No para préstamo Biblioteca de origen Biblioteca actual Ubicación en estantería Fecha de adquisición Fuente de adquisición Total de préstamos Signatura topográfica completa Código de barras Visto por última vez Precio de reemplazo Tipo de ítem Koha
        Biblioteca del Ateneo de Madrid Biblioteca del Ateneo de Madrid Depósito 2 17/01/2008     L-587 1094762 23/02/2023 23/02/2023 Libro impreso